Score 0/10 Timer 01:30
0 Plays Today
% Correct
Martin Luther King, Jr.
83.8%
Angela Merkel
82.3%
Charles Lindbergh
82.2%
Winston Churchill
80.1%
Ronald Reagan
77.2%
Rudolph Giuliani
70.3%
Queen Elizabeth II
69%
Ayatollah Khomeini
63.7%
Newt Gingrich
60.8%
Haile Selassie I
46.6%

Today's Daily Dose

Remove Ads.
Support Sporcle.
Get the best of Sporcle when you Go Orange. This ad-free experience offers more features, more stats, and more fun while also helping to support Sporcle. Thank you for becoming a member.

You're not logged in!

Compare scores with friends on all Sporcle quizzes.
OR
Log In

Sporcle TV

Today on Sporcle TV


Watch our educational content, quiz creation guides, and fun videos on Sporcle TV.

Show Comments

Extras

Top Quizzes Today


Score Distribution

Paid Content

Your Account Isn't Verified!

In order to create a playlist on Sporcle, you need to verify the email address you used during registration. Go to your Sporcle Settings to finish the process.

Report this User

Report this user for behavior that violates our Community Guidelines.

Details: